| 000 | 01920nam a2200289Ia 4500 | ||
|---|---|---|---|
| 999 |
_c51507 _d51507 |
||
| 001 | 18496 | ||
| 003 | GE_BSU | ||
| 005 | 20250513152107.0 | ||
| 008 | 181216s2010||||ge |||||||||||||| ||geo|| | ||
| 020 | _a 9789941030710 | ||
| 040 | _cGE_BSU | ||
| 041 | _ageo | ||
| 080 | _a37.016:003-028.31 რ-72 | ||
| 245 |
_aროგორ ვასწავლოთ კითხვა : _bდაწყებითი კლასების პედაგოგებისთვის ქრესტომათია / _cპროექტის ავტ., რედ. ია კუტალაძე ; სარედ. კოლ.: ნათელა იმედაძე, დალი ფარჯანაძე, მარიამ მირიანაშვილი, ენობრ. რედ. თეა დულარიძე ; საქ. განათლ. სამინ., გამოცდების ეროვნ. ცენტრი. |
||
| 264 |
_aთბილისი, _c2010. |
||
| 300 |
_a220 გვ. : _bილ.; _c29 სმ. |
||
| 300 | _eსახელთა საძიებელი:გვ.218-220 | ||
| 653 | _aკითხვის სწავლება დაწყებით კლასებში | ||
| 653 | _aპედაგოგიკა | ||
| 700 |
_aკუტალაძე, ია _eპროექტის ავტ. _913573 |
||
| 700 |
_aიმედაძე, ნათელა _eრედაქტორი _92596 |
||
| 700 |
_aფარჯანაძე, დალი _e რედაქტორი _913167 |
||
| 700 |
_aმირიანაშვილი, მარიამ _eრედაქტორი _93277 |
||
| 700 |
_aდულარიძე, თეა _eრედაქტორი _917018 |
||
| 710 |
_aსაქ. განათლ. სამინ. გამოცდების ეროვნ. ცენტრი. _925037 |
||
| 942 |
_cBK _2udc |
||